000 00461nam a2200181Ia 4500
001 25162
003 IN-NITTTR
005 20251114233320.0
008 251113s9999||||xx |||||||||||||| ||eng||
040 _beng
040 _cIN-NITTTR
041 _aeng
082 _a004.61 P44C
100 _aPeterson, Larry L.
245 0 _aComputer networks :
_b a systems approach /
_cPeterson, Larry L., Davie, Bruce S.
700 _a Davie, Bruce S.
942 _2ddc
_cBK
999 _c27791
_d27791